Les gagnants de la Ligue des Champions - Statistiques

Statistiques générales
  • Ce quiz a été pris 840 fois
  • Le résultat moyen est 12 sur 22
Statistiques - réponses
Année Réponse % Correct
1956 ; 1957 ; 1958 ; 1959 ; 1960 ; 1966 ; 1998 ; 2000 ; 2002 ; 2014 ; 2016 Real Madrid
99%
1992 ; 2006 ; 2009 ; 2011 ; 2015 FC Barcelone
88%
1963 ; 1969 ; 1989 ; 1990 ; 1994 ; 2003 ; 2007 AC Milan
87%
1977 ; 1978 ; 1981 ; 1984 ; 2005 Liverpool
84%
1974 ; 1975 ; 1976 ; 2001 ; 2013 Bayern Munich
81%
1968 ; 1999 ; 2008 Manchester United
79%
1964 ; 1965 ; 2010 Inter Milan
78%
2012 Chelsea
77%
1985 ; 1996 Juventus
71%
1993 Olympique de Marseille
71%
1971 ; 1972 ; 1973 ; 1995 Ajax Amsterdam
60%
1987 ; 2004 FC Porto
58%
1961 ; 1962 Benfica
48%
1997 Borussia Dortmund
44%
1979 ; 1980 Nottingham Forest
42%
1991 Etoile Rouge de Belgrade
33%
1982 Aston Villa
32%
1967 Celtic Glasgow
26%
1988 PSV Eindhoven
22%
1986 Steaua Bucarest
17%
1970 Feyenoord Rotterdam
16%
1983 Hambourg SV
16%
Aucun quiz correspondant
Distribution des résultats
% des personnes avec chaque résultat
Percentile par nombre de réponses
Votre historique - résultats
Vous n’avez pas pris ce quiz